00157nam a2200061Ia 4500008004100000100002600041245002800067221021s9999 xx 000 0 und d a Van Heerden, Nadia  0aDRIE RUIKERS VIR ADELLE